CATÁLOGO PÚBLICO DE LA BIBLIOTECA OSCAR VARSAVSKY

Teoría y política del desarrollo económico. (Registro nro. 2686)

Detalles MARC
000 -CABECERA
campo de control de longitud fija 00580nam a22002057a 4500
001 - NÚMERO DE CONTROL
campo de control T027600001511
008 - DATOS DE LONGITUD FIJA--INFORMACIÓN GENERAL
campo de control de longitud fija 181111b xve|||||r|||| 00| | esp d
020 ## - NÚMERO INTERNACIONAL ESTÁNDAR DEL LIBRO
Número Internacional Estándar del Libro 968-23-0415-6
099 ## - SIGNATURA TOPOGRÁFICA LOCAL
Número de clasificación 329
Cutter F9921
100 ## - ENTRADA PRINCIPAL--NOMBRE DE PERSONA
Nombre de persona Furtado, Celso.
245 ## - MENCIÓN DE TÍTULO
Título Teoría y política del desarrollo económico.
260 ## - PUBLICACIÓN, DISTRIBUCIÓN, ETC. (PIE DE IMPRENTA)
Lugar de publicación, distribución, etc. 1968
300 ## - DESCRIPCIÓN FÍSICA
Extensión 301
500 ## - NOTA GENERAL
Nota general
650 ## - PUNTO DE ACCESO ADICIONAL DE MATERIA--TÉRMINO DE MATERIA
Término de materia o nombre geográfico como elemento inicial La teoría del desarrollo en la ciencia económica.
650 ## - PUNTO DE ACCESO ADICIONAL DE MATERIA--TÉRMINO DE MATERIA
Término de materia o nombre geográfico como elemento inicial El proceso de desarrollo: Enfoque analítico e histórico.
650 ## - PUNTO DE ACCESO ADICIONAL DE MATERIA--TÉRMINO DE MATERIA
Término de materia o nombre geográfico como elemento inicial El subdesarrollo.
650 ## - PUNTO DE ACCESO ADICIONAL DE MATERIA--TÉRMINO DE MATERIA
Término de materia o nombre geográfico como elemento inicial Política de desarrollo.
942 ## - ELEMENTOS DE PUNTO DE ACCESO ADICIONAL (KOHA)
Tipo de ítem Koha Libro
Existencias
Estado de retiro Estado de pérdida Estado dañado No para préstamo Localización permanente Ubicación/localización actual Fecha de adquisición Total de préstamos Signatura topográfica completa Código de barras Fecha visto por última vez Precio válido a partir de Tipo de ítem Koha
        Oscar Varsavsky Oscar Varsavsky 13.11.2018   329 F9921 T027600001503 13.11.2018 13.11.2018 Libro